| 000 | 01470nam0a22002651 4500 | ||
|---|---|---|---|
| 001 | rc\811832 | ||
| 005 | 20041129091146.3 | ||
| 035 | _a(NLR Aleph) 005995137 | ||
| 090 |
_a7169380 _c7169380 |
||
| 100 | _a20041129d1983 u |0rusy50 ca | ||
| 101 | 0 | _arus | |
| 102 | _aRU | ||
| 105 | _ay ||||||||| | ||
| 200 | 1 |
_aКультура клеток насекомых и ее использование для получения вирусных энтомопатогенных препаратов _e[Обзор _fК. б. н. Н.В. Солдатова, Т.А. Шумова] |
|
| 210 |
_aМ. _cОНТИТЭИмикробиопром _d1983 |
||
| 215 |
_a48 с. _d20 |
||
| 225 | 1 |
_aОбзорная информация _fГл. упр. микробиол. пром-сти при Совете Министров СССР. Отд-ние НТИ и техн.-экон. исслед. микробиол. пром-сти _hСерия 6 _iПолучение и применение микробиологических средств защиты растений, кормовых антибиотиков и бактериальных удобрений _vВып. 2 |
|
| 320 | _aБиблиогр.: с. 41-47 | ||
| 700 | 1 |
_aСолдатова _bН. В. _gНадежда Всеволодовна |
|
| 701 | 1 |
_aШумова _bТ. А. _gТатьяна Анатольевна |
|
| 801 | 0 |
_aRU _bNLR _gpsbo |
|
| 801 | 1 |
_aRU _bELAR _2rusmarc |
|
| 852 |
_aNLR _jП10/5624 |
||
| 942 | _cBOOK | ||
| 980 | _aNB | ||